| 000 | 01095nam a2200301Ia 4500 | ||
|---|---|---|---|
| 003 | OSt | ||
| 005 | 20260309215302.0 | ||
| 008 | 200515s9999 xx 000 0 und d | ||
| 020 | _a970-651-323-X/84-494-1234-X | ||
| 040 |
_cPE SENCICO BE _bPE SENCICO BE |
||
| 041 | _aspa | ||
| 082 |
_a747 _bF82 |
||
| 245 | 1 | 0 |
_aHágalo usted mismo : _bel bricolaje paso a paso / _cThomas E. French ; dirección: Carlor Gispert |
| 250 | _a[1a ed.] | ||
| 260 |
_aBarcelona : _bGrupo Editorial Oceano ; _csin año |
||
| 300 |
_a359 páginas : _bilustraciones ; _c29.5 cm. |
||
| 505 | 0 | _aFontanería -- Tapicería -- Vidrio y cristal -- Objetivos ornamentales y decorativos | |
| 520 | 3 | _aPresenta un gran número de fotografías explicando los pasos para lograr un buen bricolaje casero | |
| 650 | 1 | 0 |
_aDiseño de interiores _9315 |
| 650 | 2 | 0 |
_aBricolaje _9580 |
| 650 | 2 | 0 |
_aDecoración y ornamentación _9397 |
| 650 | 2 | 0 |
_aEbanistería _9429 |
| 650 | 2 | 0 |
_aCarpintería _9428 |
| 650 | 2 | 0 |
_aVidrios _9314 |
| 650 | 2 | 0 |
_aTapicería _9581 |
| 700 |
_aGispert, Carlor _9582 _edirección |
||
| 942 |
_cLIB _2ddc |
||
| 999 |
_c2518 _d2518 |
||